| 000 | 01018nam a22002537a 4500 | ||
|---|---|---|---|
| 005 | 20170124103022.0 | ||
| 010 | _aA-925010 | ||
| 020 | _c80.00 | ||
| 035 | _aA-925010 | ||
| 037 | _bCen Lib/Ret | ||
| 040 |
_aDPL _bHN |
||
| 082 |
_aक _bदुबेवि |
||
| 100 |
_aदुबे, विद्यानंद _942810 |
||
| 245 |
_aऐसे थे वे लोग / _cविद्यानंद दुबे |
||
| 246 |
_aEse the ve log / _bby Vidyanand Dubey |
||
| 260 |
_aदिल्ली _bअभिरुचि प्रकाशन _c1998 |
||
| 270 |
_a3/११४, कर्ण गली, विश्वास नगर, शाहदरा _b दिल्ली _e110032 |
||
| 300 |
_a87पृ. _c18सेमी(सजिल्द) |
||
| 650 |
_aहिन्दी साहित्य _960955 |
||
| 650 |
_aहिन्दी कहानियां _960956 |
||
| 650 |
_aHindi literature _960957 |
||
| 650 |
_aHindi stories _960958 |
||
| 942 |
_2ddc _cHN _hक _mदुबेवि |
||
| 999 |
_c115333 _d115333 |
||